Farmaci per displipidemie - Statistics

Statistiche generali
  • Questo quiz è stato fatto 19 volte
  • Il punteggio medio è 6 su 19
Statistiche sulle risposte
Risposta % Corretto
Statine
89%
fibrati
67%
resine
67%
ezetimibe
44%
lovastatina
44%
simvastatina
44%
acido nicotinico
33%
colestipolo
22%
colestiramina
22%
inibitori assorbimento intestinale
22%
inibitori PCSK9
22%
niacina
22%
clofibrato
11%
evolocumab
11%
gemfibrozil
11%
inibitori proteina microsomiale
11%
inibitori sintesi apob100
11%
mipomersen
11%
lomitapide
0%
Nessun quiz corrispondente trovato
Distribuzione punteggi
Percentuale di utenti per punteggio
Percentile per numero di risposta
I tuoi punteggi nel tempo
Non hai fatto questo quiz